000 00649nam a2200193 i 4500
001 107169
003 ES-MaACL
005 20230906184349.0
007 t|
008 061121s1926 sp r ||||1| spa d
100 1 _aMorillo y Farfán, José.
_983563
245 1 0 _aApuntes de electrotecnia
_b: con arreglo a las explicaciones del Profesor D. José Morillo Farfán.
260 _aMadrid :
_bLitografía de F. Villagrasa,
_c1926.
300 _a1036 p. ;
_c22 cm.
500 _aImpresión litográfica.
594 _aPrecede al tít.: Escuela Central de Ingenieros Industriales.
650 4 _aElectrotecnia.
_912169
852 _aES-MaACL
_jA-1363
999 _c107169
_d107169